00479 2200181 4500245006300000020002200063250001100085100001500096700001700111650002100128650001000149005001900159260006500178041001400243084001100257300002000268336000900288 aMENGENAL BAHAN KIMIA ALAMI DALAM MAKANANcRita MutiahText a978-602-437-214-9 aCet. 1 aRita Mutia aSetyo Untoro aAnalisis Makanan aEbook a20241105133610 aJakarta TimurbBadan Pengembangan dan Pembinaan Bahasac2018 aIndonesia a664.07 aviii :c52 hlm. atext